Applied exercise & sport physiology with labs / (Record no. 49287)

MARC details
000 -LEADER
fixed length control field 02241cam a2200397Ii 4500
003 - CONTROL NUMBER IDENTIFIER
control field CUTN
005 - DATE AND TIME OF LATEST TRANSACTION
control field 20260214103608.0
008 - FIXED-LENGTH DATA ELEMENTS--GENERAL INFORMATION
fixed length control field 180706r20172016enka ob 001 0 eng d
020 ## - INTERNATIONAL STANDARD BOOK NUMBER
International Standard Book Number 9781315213507
020 ## - INTERNATIONAL STANDARD BOOK NUMBER
International Standard Book Number 9781351818773
020 ## - INTERNATIONAL STANDARD BOOK NUMBER
Cancelled/invalid ISBN 9780415789783
020 ## - INTERNATIONAL STANDARD BOOK NUMBER
Cancelled/invalid ISBN 9781621590491
041 ## - LANGUAGE CODE
Language English
082 04 - DEWEY DECIMAL CLASSIFICATION NUMBER
Classification number 612.044
Item number A652
245 00 - TITLE STATEMENT
Title Applied exercise & sport physiology with labs /
Statement of responsibility, etc Terry J. Housh, University of Nebraska - Lincoln, Dona J. Housh, University of Nebraska Medical Center, Herbert A. deVries.
246 1# - VARYING FORM OF TITLE
Title proper/short title Applied exercise and sport physiology with labs.
250 ## - EDITION STATEMENT
Edition statement Fourth edition.
260 ## - PUBLICATION, DISTRIBUTION, ETC. (IMPRINT)
Place of publication, distribution, etc NY :
Name of publisher, distributor, etc Routledge,
Date of publication, distribution, etc 2016.
300 ## - PHYSICAL DESCRIPTION
Extent xx, 481 pages :
Other physical details pb.
500 ## - GENERAL NOTE
General note First published 2016 by Holcomb Hathaway.
505 0# - FORMATTED CONTENTS NOTE
Contents chapter 1 Why Study Exercise Physiology? -- chapter 2 Structure of Muscle Tissue and Muscle Contraction -- chapter 3 Metabolism and Metabolic Adaptations to Training -- chapter 4 The Nervous System -- chapter 5 The Cardiovascular System -- chapter 6 Respiration -- chapter 7 The Endocrine System -- chapter 8 The Immune System -- chapter 9 Health Benefits of Physical Activity -- chapter 10 Aerobic Exercise Prescriptions for Public Health, Cardiorespiratory Fitness, and Athletics -- chapter 11 Muscle Strength and Resistance Training for Health and Athletics -- chapter 12 Flexibility -- chapter 13 Sprinting and Speed Training -- chapter 14 Neuromuscular Fatigue -- chapter 15 Nutrition for Fitness and Athletics -- chapter 16 Ergogenic Aids for Fitness and Athletics -- chapter 17 Environment and Exercise -- chapter 18 Growth, Development, and Exercise in Children and Adolescents -- chapter 19 Aging and Exercise.
650 #0 - SUBJECT ADDED ENTRY--TOPICAL TERM
Topical term or geographic name as entry element Physiology
700 1# - ADDED ENTRY--PERSONAL NAME
Personal name DeVries, Herbert A.,
700 1# - ADDED ENTRY--PERSONAL NAME
Personal name Housh, Dona J.,
700 1# - ADDED ENTRY--PERSONAL NAME
Personal name Housh, Terry J.,
856 40 - ELECTRONIC LOCATION AND ACCESS
Uniform Resource Identifier <a href="https://ezproxy.lib.gla.ac.uk/login?url=https://www.taylorfrancis.com/books/9781315213507">https://ezproxy.lib.gla.ac.uk/login?url=https://www.taylorfrancis.com/books/9781315213507</a>
942 ## - ADDED ENTRY ELEMENTS (KOHA)
Source of classification or shelving scheme Dewey Decimal Classification
Koha item type Coaching cell/ UGC NET Cell
506 ## - RESTRICTIONS ON ACCESS NOTE
Terms governing access Access restricted to subscribing institutions.
650 #0 - SUBJECT ADDED ENTRY--TOPICAL TERM
General subdivision Musculoskeletal system
-- Movements.
700 1# - ADDED ENTRY--PERSONAL NAME
Relator term author.
700 1# - ADDED ENTRY--PERSONAL NAME
Relator term author.
700 1# - ADDED ENTRY--PERSONAL NAME
Relator term author.
776 08 - ADDITIONAL PHYSICAL FORM ENTRY
Display text Print version:
International Standard Book Number 9780415789783.
856 40 - ELECTRONIC LOCATION AND ACCESS
Public note Connect to resource
907 ## - LOCAL DATA ELEMENT G, LDG (RLIN)
a .b43412944
Holdings
Withdrawn status Lost status Source of classification or shelving scheme Damaged status Not for loan Collection code Home library Location Shelving location Date of Cataloging Source of acquisition Total Checkouts Full call number Barcode Date last seen Price effective from Koha item type
    Dewey Decimal Classification     Non-fiction CUTN Central Library CUTN Central Library Medicine, Technology & Management 14/02/2026 UGC NET cell 2025   612.044 HOU 55485 14/02/2026 14/02/2026 Coaching cell/ UGC NET Cell